| 000 | 00825nam a22002777a 4500 | ||
|---|---|---|---|
| 001 | BR7100251 | ||
| 003 | BR-BrBNA | ||
| 005 | 20230928083645.0 | ||
| 007 | ta | ||
| 008 | 230509b bl.||||| |||| 00| 0 por d | ||
| 040 |
_aBR-BrBNA _bpor _cBiblioteca Nacional de Agricultura |
||
| 041 | _a(Por) | ||
| 072 |
_aQ10; A50 _b/G514 |
||
| 090 | _ Q10 BR7100251 | ||
| 110 | 1 | _aInstituto de Tecnologia de Alimentos, Campinas, SP (Brasil) | |
| 245 | 1 | _aPlano nacional integrado de tecnologia de alimentos [Brasil] | |
| 260 | 3 |
_aCampinas, SP (Brasil): _c1971. |
|
| 300 | _a42 p. | ||
| 650 | _aTecnologia de alimento | ||
| 650 | _aPrograma de pesquisa | ||
| 650 | _aArmazenamento de alimento | ||
| 650 | _aIndustria alimenticia | ||
| 650 | _aPlanejamento de pesquisa | ||
| 909 |
_a202309 _bLucia _c55 _dLucia Elande |
||
| 942 | _cBK | ||
| 999 |
_c14666 _d14666 |
||